Normal view
MARC view
- Elementary Quantum Mechanics
Entry Topical Term
001 - CONTROL NUMBER
- control field: 125672
003 - CONTROL NUMBER IDENTIFIER
- control field: NUST
005 - DATE AND TIME OF LATEST TRANSACTION
- control field: 20240904142956.0
008 - FIXED-LENGTH DATA ELEMENTS
- fixed length control field: 240904|| aca||aabn | a|a d
040 ## - CATALOGING SOURCE
- Original cataloging agency: NUST
- Transcribing agency: NUST
150 ## - HEADING--TOPICAL TERM
- Topical term or geographic name entry element: Elementary Quantum Mechanics
670 ## - SOURCE DATA FOUND
- Source citation: Work cat.: (NUST): David S. Saxon 125671, Elementary Quantum Mechanics , 1968.
